Statistics for Atletico Madrid Squad 2017-2018

Click here to take the quiz!

General Stats

  • This quiz has been taken 144 times
  • The average score is 17 of 23

Answer Stats

Nbr Post Nationality Player % Correct
7FWFranceAntoine Griezmann
97%
13GKSloveniaJan Oblak
96%
2DFUruguayDiego Godin
96%
6MFSpainKoke
91%
8MFSpainSaul Niguez
88%
10MFBelgiumYannick Carrasco
84%
-CoachArgentinaDiego Simeone
83%
5MFGhanaThomas Partey
83%
3DFBrazilFilipe Luis
83%
14MFSpainGabi
80%
15DFMontenegroStefan Savic
80%
24DFUruguayJosé Giménez
79%
9FWSpainFernando Torres
74%
11FWArgentinaAngel Correa
73%
20DFSpainJuanfran
73%
19DFFranceLucas Hernandez
71%
21FWFranceKevin Gameiro
67%
1GKSpainAngel Moya
62%
16DFCroatiaSime Vrsaljko
55%
22MFArgentinaNicolas Gaitan
43%
12MFArgentinaAugusto Fernández
39%
17FWArgentinaLuciano Vietto
38%
25GKArgentinaAxel Werner
25%

Score Distribution

Percentile by Number Answered

Percent of People with Each Score

Your Score History

You have not taken this quiz